Tämänhetkiset kansanedustajat - Statistics

Yleistilastot
  • Tätä visaa on pelattu 53 kertaa
    37 viimeisimmän päivityksen jälkeen
  • Keskiarvotulos 75 / 200
Vastaustilastot
Vastaus % Oikein
Harry Harkimo
91%
Petteri Orpo
91%
Riikka Purra
91%
Sari Essayah
91%
Antti Lindtman
82%
Joona Räsänen
82%
Jussi Halla-aho
82%
Päivi Räsänen
82%
Anders Adlercreutz
73%
Antti Häkkänen
73%
Antti Kaikkonen
73%
Hanna Räsänen
73%
Kim Berg
73%
Otto Andersson
73%
Sari Multala
73%
Tytti Tuppurainen
73%
Wille Rydman
73%
Atte Harjanne
64%
Janne Heikkinen
64%
Joakim Vigelius
64%
Minja Koskela
64%
Oras Tynkkynen
64%
Timo Vornanen
64%
Aino-Kaisa Pekonen
55%
Ben Zyskowicz
55%
Elina Valtonen
55%
Eveliina Heinäluoma
55%
Fatim Diarra
55%
Heikki Autto
55%
Jani Mäkelä
55%
Jari Koskela
55%
Jenna Simula
55%
Joakim Strand
55%
Kaisa Garedew
55%
Kaisa Juuso
55%
Matias Marttinen
55%
Miko Bergbom
55%
Paula Risikko
55%
Saara-Sofia Sirén
55%
Sakari Puisto
55%
Sanni Grahn-Laasonen
55%
Sara Seppänen
55%
Sinuhe Wallinheimo
55%
Sofia Virta
55%
Teemu Keskisarja
55%
Timo Heinonen
55%
Anna-Kaisa Ikonen
45%
Anna Kontula
45%
Anna-Kristiina Mikkonen
45%
Antti Kurvinen
45%
Bella Forsgrén
45%
Elisa Gebhard
45%
Eva Biaudet
45%
Heikki Vestman
45%
Johannes Koskinen
45%
Jukka Kopra
45%
Karoliina Partanen
45%
Krista Kiuru
45%
Krista Mikkonen
45%
Leena Meri
45%
Mari Rantanen
45%
Markku Eestilä
45%
Markus Lohi
45%
Mauri Peltokangas
45%
Mika Lintilä
45%
Mika Poutala
45%
Mira Nieminen
45%
Nasima Razmyar
45%
Olga Oinas-Panuma
45%
Onni Rostila
45%
Pauli Aalto-Setälä
45%
Pauli Kiuru
45%
Pekka Aittakumpu
45%
Pekka Haavisto
45%
Pia Hiltunen
45%
Piritta Rantanen
45%
Sari Sarkomaa
45%
Sari Tanus
45%
Tiina Elo
45%
Veijo Niemi
45%
Veronika Honkasalo
45%
Ville Tavio
45%
Ari Koponen
36%
Arto Satonen
36%
Atte Kaleva
36%
Eerikki Viljanen
36%
Eeva-Johanna Eloranta
36%
Eeva Kalli
36%
Hanna Kosonen
36%
Hanna-Leena Mattila
36%
Hilkka Kemppi
36%
Janne Jukkola
36%
Jarmo Limnéll
36%
Jenni Pitko
36%
Jorma Piisinen
36%
Juho Eerola
36%
Laura Huhtasaari
36%
Lulu Ranne
36%
Mari Kaunistola
36%
Mari-Leena Talvitie
36%
Marko Kilpi
36%
Matias Mäkynen
36%
Mauri Kontu
36%
Mikko Savola
36%
Peter Östman
36%
Petri Huru
36%
Pihla Keto-Huovinen
36%
Pinja Perholehto
36%
Ritva Elomaa
36%
Sami Savio
36%
Sandra Bergqvist
36%
Sanna Antikainen
36%
Sheikki Laakso
36%
Sofia Vikman
36%
Suna Kymäläinen
36%
Teemu Kinnari
36%
Tere Sammallahti
36%
Timo Furuholm
36%
Ville Kaunisto
36%
Ville Merinen
36%
Ville Skinnari
36%
Ville Valkonen
36%
Ville Väyrynen
36%
Aleksi Jäntti
27%
Antti Kangas
27%
Arja Juvonen
27%
Hanna Holopainen
27%
Hannu Hoskonen
27%
Jaana Strandman
27%
Jarmo Lindberg
27%
Johanna Ojala-Niemelä
27%
Johannes Yrttiaho
27%
Jouni Ovaska
27%
Juha Hänninen
27%
Juha Viitala
27%
Laura Meriluoto
27%
Mai Kivelä
27%
Marko Asell
27%
Mats Löfström
27%
Miapetra Kumpula-Natri
27%
Milla Lahdenperä
27%
Niina Malm
27%
Noora Fagerström
27%
Oskari Valtola
27%
Paula Werning
27%
Pia Kauma
27%
Pia Viitanen
27%
Rami Lehtinen
27%
Saara Hyrkkö
27%
Saku Nikkanen
27%
Seppo Eskelinen
27%
Timo Harakka
27%
Tomi Immonen
27%
Tuula Haatainen
27%
Tuula Väätäinen
27%
Alviina Alametsä
18%
Anders Norrbäck
18%
Anne Rintamäki
18%
Hanna Sarkkinen
18%
Heikki Vuornos
18%
Inka Hopsu
18%
Jani Kokko
18%
Jari Ronkainen
18%
Jessi Jokelainen
18%
Juha Mäenpää
18%
Lauri Lyly
18%
Mika Kari
18%
Mikko Ollikainen
18%
Mikko Polvinen
18%
Minna Reijonen
18%
Petri Honkonen
18%
Pia Lohikoski
18%
Pia Sillanpää
18%
Tarja Filatov
18%
Terhi Koulumies
18%
Timo Mehtälä
18%
Timo Suhonen
18%
Tuomas Kettunen
18%
Vesa Kallio
18%
Vilhelm Junnila
18%
Ville Vähämäki
18%
Aki Lindén
9%
Anne Kalmari
9%
Henrik Wickström
9%
Johan Kvarnström
9%
Kimmo Kiljunen
9%
Maaret Castrén
9%
Markku Siponen
9%
Martin Paasi
9%
Mikko Lundén
9%
Susanne Päivärinta
9%
Anette Karlsson
0%
Christoffer Ingo
0%
Hanna Laine-Nousimaa
0%
Helena Marttila
0%
Lotta Hamari
0%
Merja Rasinkangas
0%
Mia Laihio
0%
Mika Riipi
0%
Riitta Kaarisalo
0%
Ehtoja vastaavia visoja ei löytynyt
Tulosjakauma
Jokaisen tuloksen saaneiden osuus
Persentiili vastausten määrän mukaan
Tuloshistoriasi
Et ole pelannut tätä visaa sen viimeisimmän päivityksen jälkeen